Les Garces /
Descripción Física:
200 pàg. ; 19 cm
Idioma:
Catalán
MARC
| LEADER | 00000nam a22000007a 4500 | ||
|---|---|---|---|
| 001 | 24739 | ||
| 003 | AGDB | ||
| 005 | 20260324181535.0 | ||
| 008 | 980330s1906 spc|||||| |00| d|cat|c | ||
| 035 | |a (ES-BaCBU).b22263342 | ||
| 040 | |a ES-BaCBU |b cat |c ES-BaCBU | ||
| 080 | |a 849.9-2"19" | ||
| 100 | |a Iglésias, Ignasi, |d 1871-1928 |9 72456 | ||
| 245 | 1 | 4 | |a Les Garces / |c Ignasi Iglesias |
| 260 | |a Barcelona : |b Tip. L'Avenç , |c 1906 | ||
| 300 | |a 200 pàg. ; |c 19 cm | ||
| 500 | |a Comedia en tres actes | ||
| 500 | |a P18: D5, H13 i altres | ||
| 500 | |a Estrena 1905-11-25 Romea (Barcelona), dir. Jaume Borràs | ||
| 500 | |a Prové del fons Joan Junyer i Pascual (1909-1994) | ||
| 501 | |a Conté dedicatòria manuscrita | ||
| 650 | |a Fons Joan Junyer i Pascual (1909-1994) |9 72777 | ||
| 650 | 0 | |a Literatura catalana |2 Arxiu |9 42910 |y S. XX | |
| 902 | |a Patrimoni | ||
| 907 | |a .b22263342 |b 23-06-21 |c 07-05-08 |d 30-03-98 |e m |f a |g p |h cat |i spc |j 4 |k 1 | ||
| 908 | |a CDMAE | ||
| 942 | |2 udc |c ARXIU |n 1 | ||
| 952 | |0 0 |1 0 |4 0 |6 F50450 |7 1 |9 98440 |a Arxiu |b Arxiu |d 2025-10-10 |l 0 |o F-504-50 |p 24739 |r 2025-10-10 13:35:49 |w 2025-10-10 |y ARXIU | ||
| 999 | |c 130194 |d 130194 | ||